Представление документа в формате RUSMARC

ПолеНазваниеЗначение
  Тип записи a
  Библиографический уровень m
001 Контрольный номер RU/SLIB/B/208711022
005 Дата корректировки 20241105112227.5
010 Индекс ISBN __
d Цена 1-50
101 Язык документа 0_
a Язык текста rus
c Язык оригинала rus
200 Заглавие и сведения об ответственности 1_
a Заглавие Поднятая целина
e Сведения, относящиеся к заглавию роман : в 2 кн.
f Первые сведения об ответственности Шолохов М. А. ; рис. О. Верейского
b Общее обозначение материала Текст
h Номер части Кн. 1-2
210 Выходные данные 1_
a Место издания М.
c Издательство Дет. лит.
d Дата издания 1974
215 Физическое описание __
a Объем 640 с.
606 Тематические рубрики __
a Основная рубрика Художественная литература
606 Тематические рубрики __
a Основная рубрика Русская литература XX в. (произведения)
z Хронологическая подрубрика 20 в.
y Географическая подрубрика Россия
610 Ключевые слова 0_
a Ключевые слова романы
686 Индексы других классификаций __
2 Код системы rubbks
a Классификационный индекс 84(2Рос=Рус)6-4
700 Автор _1
a Фамилия Шолохов
b Имя М. А.
g Полное личное имя Михаил Александрович
4 Код отношения 070
702 Вторичная интеллектуальная ответственность _1
a Фамилия Верейский
b Имя О.
4 Код отношения Художник
4 Код отношения 040
801 Источник записи _0
a Страна RU
b Организация Муниципальное бюджетное учреждение культуры "Централизованная библиотечная система" г. Сургут (Центральная городская библиотека им. А. С. Пушкина)
g Правила каталогизации ОБ/СМОЛЯКОВА
801 Источник записи _1
a Страна RU
b Организация Муниципальное бюджетное учреждение культуры "Централизованная библиотечная система" г. Сургут (Центральная городская библиотека им. А. С. Пушкина)
g Правила каталогизации ОБ/СМОЛЯКОВА
852 Данные о местонахождении __
j Шифр хранения 84(2Рос=Рус)6-4
c Каталожный индекс 84(2Рос=Рус)6-4
i Авторский знак Ш 78
p Инвентарный номер 70894
901 Тип документа __
t Тип документа m
903 Характеристики (МАРС) __
a Дата передачи 19990216
990 Данные о заказе (DOS) 00
j Количество экземпляров (DOS) 1
t N записи в КСУ для И/У (DOS) 199801